| 000 | 00000nam##2200000za#4500 |
| 001 | 9.606841 |
| 003 | CaOODSP |
| 005 | 20211117142337 |
| 007 | cr ||||||||||| |
| 008 | 150406|2004||||xxc|||||o f|0| 0 fre|d |
| 040 | |aCaOODSP|bfre |
| 043 | |an-cn--- |
| 086 | 1 |aEn152-1/228-2004F-PDF |
| 110 | 2 |aCentre Saint-Laurent. |
| 245 | 10|aÉvolution temporelle de la contamination des matières en suspension en amont du lac Saint-François entre 1994 et 1999 / |h[ressource électronique]|c[par] Magella Pelletier et Serge Lepage. |
| 260 | |aMontréal - Québec : |bEnvironnement Canada. |cMars 2004. |
| 300 | |a70p.|bfigures, graphiques, carte, références, tableaux |
| 490 | 1 |aRapport scientifique et technique|vST-228 |
| 500 | |aLe n° de catalogue (En152-1/228-2004F) et l'ISBN (0-662-76040-9) de l'édition imprimée ont été incorrectement copiés dans l'édition électronique. |
| 546 | |a(Introduction and abstract in English.) |
| 590 | |a14-08-Supp|b2014-04-10 |
| 691 | 07|aÉcosystème aquatique|2gcpds |
| 691 | 07|aImpact sur l'environnement|2gcpds |
| 691 | 07|aPolluant|2gcpds |
| 775 | 08|tTemporal evolution of the contaminants in suspended solids upstream of Lake Saint-François between 1994 and 1999 / |w(CaOODSP)9.579312 |
| 830 | #0|aRapport scientifique et technique ;|vST-228|w(CaOODSP)9.501370 |
| 856 | 40|ahttp://publications.gc.ca|qPDF|s517 Ko|uhttps://publications.gc.ca/collections/collection_2014/ec/En152-1-228-2004-fra.pdf|yST-228 |